000 00634nam a2200229Ia 4500
003 OSt
005 20220925210957.0
006 a|||||r|||| 00| 0
007 ta
008 220923b |||||||| |||| 00| 0 eng d
037 _cGeneral Book
040 _aRTL
_cRTL
_beng
041 _2eng
_aeng
082 _aX71:8L.237.N79<N78, L8
110 _aRAJASTHAN (Govt of-)
245 0 _aBudget estimates 1978-79
260 _aJaipur
_bRajya Kendriya Mundralaya
_c1978
300 _a703p
_ccm.
700 _aRAJASTHAN (Govt of-)
942 _hX71:8L.237.N79<N78, L8
_cGB
_2CC
999 _c556383
_d556383